แสดงรายละเอียดบรรณานุกรม
  กลับหน้าหลัก

Brief Record : Get Marc (ISO 2709) : E-mail record : QR code ปิดหน้าต่าง
LEADER 00000nama 2200000uu 4500
008    040531s|||| th m m a000 0 tha d
041    tha
050    วจ WY18.5 ป445ก
100    ปราณี แสดคง.
245    การประเมินคุณลักษณะบัณฑิตที่พึงประสงค์ของบัณฑิตพยาบาลหลักสูตรประกาศนียบัตรพยาบาลศาสตร์เทียบเท่าปริญญาตรี (ต่อเนื่อง 2 ปี) วิทยาลัยพยาบาลบรมราชชนนี ขอนแก่น =Evaluation of desirable Characterristics of Diploma in Nursing Science Program of Boromarajonani Co
260    ม.ป.ป. ขอนแก่น. วิทยาลัยพยาบาลบรมราชชนนี ขอนแก่น.
300    59 แผ่น.
600    1.วิทยาลัยพยาบาลบรมราชชนนี ขอนแก่น 2.ปรารี แสดคง.
650    1.พยาบาล--คุณลักษณะ--การประเมิน 2.คุณลักษณะบัณฑิตที่พึงประสงค์.
995    004
รายการนี้ยังไม่มีแท็ก
คุณยังไม่ได้ล็อกอิน คุณสามารถมีกิจกรรมร่วมกับเว็บไซต์ได้ แต่ต้องล็อกอินก่อน ::
  ล็อกอิน
ลำดับที่ ประเภท เลขเรียก สถานที่ สถานะ
1. งานวิจัย
งานวิจัย
วจ WY18.5 ป445ก  
  
ชั้นหนังสือวิจัย On Shelf
  ขอยืม
   [แสดง 1/1 รายการ]

รายการใกล้เคียง
    ผู้แต่ง [ปราณี แสดคง.]

BibComment


ยังไม่เคยถูกคอมเมนท์

คอมเมนท์ทรัพยากรรายการนี้
  คอมเมนท์: การประเมินคุณลักษ..
Bib 197952

 
 
 

 Union Library Management : ULibM
Copyright 2026. All Rights Reserved.
скачать бесплатно без регистрации порно красивый секс HD Sex Hindi sex

xxx gou

xxxx

bfxxx

xxxwww

Секса Видео

xxxx

Секса Видео

detube

geilexxx

C99 Shell

worms shell

blod xxx video
Ebony Coed Rihanna Rimes Takes A Dick In Her Young Twat priyaa indian fuck anal and pusssy hardcore indian women xxx desi hardcore fucking part 1 bengalixxxcouple